Carner i Unamuno / (Record no. 5806)

MARC details
000 -LEADER
campo de control de longitud fija 00823nam a2200229 i 4500
001 - NÚMERO DE CONTROL
campo de control 5806
003 - IDENTIFICADOR DE NÚMERO DE CONTROL
campo de control ES-MaACL
005 - FECHA Y HORA DE LA ÚLTIMA TRANSACCIÓN
campo de control 20230906144709.0
008 - DATOS DE LONGITUD FIJA--INFORMACIÓN GENERAL
campo de control de longitud fija 890530s1989 sp ||||1| cat d
080 ## - NÚMERO DE LA CLASIFICACIÓN DECIMAL UNIVERSAL
Número de la Clasificación Decimal Universal 86-6"19"
100 1# - ENTRADA PRINCIPAL--NOMBRE DE PERSONA
Nombre de persona Bastons Vivanco, Carlos.
9 (RLIN) 26377
245 10 - MENCIÓN DEL TÍTULO
Título Carner i Unamuno /
Mención de responsabilidad, etc. [Carles Bastons i Vivanco].
260 ## - PUBLICACIÓN, DISTRIBUCIÓN, ETC.
Lugar de publicación, distribución, etc. [Montserrat] :
Nombre del editor, distribuidor, etc. Abadia de Montserrat,
Fecha de publicación, distribución, etc. [1989?]
300 ## - DESCRIPCIÓN FÍSICA
Extensión P. 93-110 ;
Dimensiones 20 cm.
500 ## - NOTA GENERAL
Nota general Autor tomado de final de texto.
595 ## -
-- Separata de: Miscel·lània Joan Gili. Barcelona: Abadia de Montserrat, 1988.
600 14 - PUNTO DE ACCESO ADICIONAL DE MATERIA--NOMBRE DE PERSONA
Nombre de persona Carner, Josep.
9 (RLIN) 35366
600 17 - PUNTO DE ACCESO ADICIONAL DE MATERIA--NOMBRE DE PERSONA
Nombre de persona Unamuno, Miguel de,
Fechas asociadas al nombre 1864-1936-
Subdivisión de forma Correspondencia
Fuente del encabezamiento o término
9 (RLIN) 168906
710 2# - ENTRADA AGREGADA--NOMBRE DE ENTIDAD CORPORATIVA
Nombre de entidad corporativa o nombre de jurisdicción como elemento de entrada Abadía de Montserrat.
9 (RLIN) 1133
852 ## - LOCALIZACIÓN
Ubicación ES-MaACL
Número de control de estantería L-12951
Nota libre - Dedicatoria autógrafa del autor
Holdings
Estatus retirado Estado de pérdida Estado de daño No para préstamo Biblioteca de origen Biblioteca actual Ubicación en estantería Fecha de adquisición Fuente de adquisición Total de préstamos Signatura topográfica completa Código de barras Visto por última vez Precio de reemplazo Tipo de ítem Koha
        Biblioteca del Ateneo de Madrid Biblioteca del Ateneo de Madrid Depósito 2 17/01/2008     L-12951 1005897 23/02/2023 23/02/2023 Libro impreso